| 000 | 01703nam a22003497a 4500 | ||
|---|---|---|---|
| 001 | 190850784 | ||
| 003 | OCoLC | ||
| 005 | 20210422062510.0 | ||
| 008 | 080116s2009 moua bf 001 0 eng d | ||
| 010 | _a 2007940904 | ||
| 020 | _a1416040986 | ||
| 020 | _a9781416040989 | ||
| 035 | _a(OCoLC)190850784 | ||
| 040 |
_aYDXCP _cYDXCP _dOCLCQ _dBAKER _dVET _dCOU _beng |
||
| 041 | _aeng | ||
| 049 | _aVZYM | ||
| 080 |
_a616-08 _bP-93 |
||
| 096 | _aWY 49 E53 2009 | ||
| 245 | 0 | 0 |
_aEmergency nursing procedures / _c[edited by] Jean A. Proehl. _b/ by: Saunders Elsevier, |
| 250 | _a4th edition | ||
| 260 |
_aSt. Louis, Mo. _bSaunders Elsevier _cc2009. |
||
| 300 |
_axx, 951 p. : _bill. ; _c23 cm. |
||
| 504 | _aIncludes bibliographical references and index. | ||
| 505 | 0 | _aAssessment procedures -- Airway procedures -- Breathing procedures -- Oxygen therapy -- Suctioning -- Ventilation -- Inhalation therapy -- Pleural decompression -- Circulation procedures -- Vascular access -- Blood product administration -- Electrical therapy -- Cardiac pacing -- Invasive hemodynamic monitoring -- Neurologic procedures -- Abdominal and genitourinary procedures -- Musculoskeletal procedures -- integumentary procedures -- Thermoregulation -- Ophthalmic procedures -- Otic procedures -- Nasal procedures -- Dental and throat procedures -- Medication administration -- Miscellaneous procedures. | |
| 590 | _ac.1 MMC. | ||
| 650 | 2 |
_aEmergency Nursing _xmethods _vHandbooks. |
|
| 650 | 0 |
_aPatient Care _9285 |
|
| 653 | _aპაციენტის მოვლა | ||
| 653 | _aპაციენტის გადაუდებელი მოვლა | ||
| 700 | 1 | _aProehl, Jean A. | |
| 942 |
_2udc _cBK _e4 |
||
| 999 |
_c813 _d813 |
||